[Event "DVM U14w 2020"]
[Site "Willingen GER"]
[Date "2021.06.24"]
[Round "1"]
[White "Fock, Madiha"]
[Black "Richter, Johanna"]
[Result "1-0"]
[Termination "normal"]
[Board "6.3"]
[WhiteElo "1278"]
[BlackElo "1178"]
[WhiteClock "00:22:22"]
[BlackClock "00:42:57"]
[WhiteTeam "TSG Oberschöneweide e.V."]
[BlackTeam "SV Oberursel"]
[PlyCount "65"]
[WhiteFideId "16253574"]
[BlackFideId "16278925"]
[EventCountry "GER"]
[EventRounds "7"]
[EventType "team-swiss"]
[EventDate "2021.06.23"]

1. e4 c5 2. Nc3 Nc6 3. f4 d6 4. Bb5 Bd7 5. Nf3 a6 6. Bxc6 Bxc6 7. O-O Nf6 8. d3
e6 9. Qe1 Be7 10. Ng5 O-O 11. Qg3 h6 12. Nh3 Nh5 13. Qf3 Nf6 14. g4 Nh7 15. Rf2
f5 16. Qe2 Bh4 17. Rg2 fxe4 18. Nxe4 g5 19. Be3 d5 20. Nxc5 d4 21. Nxe6 Qd6 22.
Nxf8 Bxg2 23. Qxg2 dxe3 24. Nxh7 Rb8 25. Qe4 gxf4 26. Nxf4 Bf2+ 27. Kf1 Rc8 28.
Rc1 Rc7 29. Qd5+ Qxd5 30. Nxd5 Rg7 31. Nhf6+ Kh8 32. Ke2 Rg6 33. h3 {normal}
1-0

[Event "DVM U14w 2020"]
[Site "Willingen GER"]
[Date "2021.06.24"]
[Round "1"]
[White "Weyerer, Elea"]
[Black "Leongardt, Adel"]
[Result "0-1"]
[Termination "normal"]
[Board "6.4"]
[WhiteElo "768"]
[BlackElo "1157"]
[WhiteClock "00:47:14"]
[BlackClock "00:42:34"]
[WhiteTeam "SV Oberursel"]
[BlackTeam "TSG Oberschöneweide e.V."]
[PlyCount "102"]
[WhiteFideId "34605770"]
[BlackFideId "16256549"]
[EventCountry "GER"]
[EventRounds "7"]
[EventType "team-swiss"]
[EventDate "2021.06.23"]

1. e4 {[%clk 1:30:31]} c6 {[%clk 1:30:56]} 2. Nf3 {[%clk 1:30:30]} d5 {[%clk
1:31:15]} 3. Bd3 {[%clk 1:29:48]} dxe4 {[%clk 1:30:48]} 4. Bxe4 {[%clk
1:29:53]} Nf6 {[%clk 1:31:04]} 5. Bd3 {[%clk 1:30:02]} Qd5 {[%clk 1:29:10]} 6.
Nc3 {[%clk 1:29:18]} Qd8 {[%clk 1:27:58]} 7. Bc4 {[%clk 1:28:36]} Bf5 {[%clk
1:27:46]} 8. h3 {[%clk 1:28:32]} e6 {[%clk 1:27:45]} 9. d3 {[%clk 1:27:20]}
Nbd7 {[%clk 1:27:40]} 10. Be3 {[%clk 1:27:12]} Bd6 {[%clk 1:24:06]} 11. O-O
{[%clk 1:26:35]} O-O {[%clk 1:24:01]} 12. Ne2 {[%clk 1:24:58]} a5 {[%clk
1:23:50]} 13. a4 {[%clk 1:24:55]} Ne5 {[%clk 1:19:40]} 14. Nxe5 {[%clk
1:24:44]} Bxe5 {[%clk 1:19:13]} 15. c3 {[%clk 1:24:49]} Nd7 {[%clk 1:16:12]}
16. d4 {[%clk 1:23:32]} Bc7 {[%clk 1:16:02]} 17. Nf4 {[%clk 1:21:18]} Bxf4
{[%clk 1:13:19]} 18. Bxf4 {[%clk 1:21:09]} Qf6 {[%clk 1:13:06]} 19. Re1 {[%clk
1:20:06]} Qg6 {[%clk 1:13:10]} 20. Bg3 {[%clk 1:19:14]} Nf6 {[%clk 1:12:53]}
21. Qf3 {[%clk 1:17:08]} Nd7 {[%clk 1:08:18]} 22. Re2 Nb6 {[%clk 0:59:58]} 23.
Bb3 {[%clk 1:12:51]} Nd5 {[%clk 0:59:48]} 24. Bxd5 {[%clk 1:12:45]} cxd5 {[%clk
0:59:21]} 25. Ra3 {[%clk 1:12:31]} Bd3 {[%clk 0:57:36]} 26. Re3 {[%clk
1:12:15]} Be4 {[%clk 0:57:25]} 27. Qf4 {[%clk 1:10:42]} Rfb8 {[%clk 0:56:25]}
28. f3 Bf5 29. Re2 {[%clk 1:09:02]} b5 {[%clk 0:56:11]} 30. Qh4 {[%clk
1:07:50]} b4 {[%clk 0:54:20]} 31. cxb4 {[%clk 1:07:26]} Rxb4 {[%clk 0:54:30]}
32. b3 {[%clk 1:07:28]} Bc2 {[%clk 0:52:10]} 33. Bf2 {[%clk 1:05:40]} Qd3
{[%clk 0:51:32]} 34. Re3 {[%clk 1:03:34]} Qd1+ {[%clk 0:51:06]} 35. Re1 {[%clk
1:03:16]} Qd2 {[%clk 0:51:15]} 36. Rf1 {[%clk 1:03:10]} Rxb3 {[%clk 0:51:02]}
37. Be1 {[%clk 1:02:51]} Qd3 {[%clk 0:50:01]} 38. Bxa5 {[%clk 1:02:25]} Rxa3
{[%clk 0:49:22]} 39. Bd8 {[%clk 1:01:58]} Qe3+ {[%clk 0:49:01]} 40. Rf2 {[%clk
1:02:00]} R3xa4 {[%clk 0:47:08]} 41. Kh2 {[%clk 1:01:33]} Bg6 {[%clk 0:45:38]}
42. Qe7 {[%clk 1:01:13]} h6 {[%clk 0:44:31]} 43. Qe8+ {[%clk 1:01:03]} Kh7
{[%clk 0:44:49]} 44. Rb2 {[%clk 0:58:46]} Qf4+ {[%clk 0:44:19]} 45. g3 {[%clk
0:57:39]} Qc1 {[%clk 0:43:57]} 46. Rg2 {[%clk 0:56:51]} Ra2 {[%clk 0:43:09]}
47. h4 {[%clk 0:53:14]} Rxg2+ {[%clk 0:42:57]} 48. Kxg2 {[%clk 0:48:20]} Ra2+
{[%clk 0:43:04]} 49. Kh3 {[%clk 0:48:05]} Bf5+ {[%clk 0:42:26]} 50. g4 {[%clk
0:47:43]} Qh1+ {[%clk 0:42:34]} 51. Kg3 {[%clk 0:47:14]} Qh2# 0-1

[Event "DVM U14w 2020"]
[Site "Willingen GER"]
[Date "2021.06.24"]
[Round "1"]
[White "Nguyen, Jenny Ha-Linh"]
[Black "Alferova, Emily"]
[Result "1/2-1/2"]
[Termination "normal"]
[Board "7.1"]
[WhiteElo "1368"]
[BlackElo "1365"]
[WhiteClock "00:17:28"]
[BlackClock "00:09:58"]
[WhiteTeam "Schachgemeinschaft Leipzig"]
[BlackTeam "SC Garching 1980 e.V."]
[PlyCount "50"]
[WhiteFideId "16209729"]
[BlackFideId "16265904"]
[EventCountry "GER"]
[EventRounds "7"]
[EventType "team-swiss"]
[EventDate "2021.06.23"]

1. e4 {[%clk 1:30:57]} e5 {[%clk 1:30:54]} 2. Nf3 {[%clk 1:31:16]} Nc6 {[%clk
1:31:20]} 3. Bc4 {[%clk 1:31:34]} Bc5 {[%clk 1:31:40]} 4. O-O {[%clk 1:31:33]}
Nf6 {[%clk 1:31:13]} 5. d3 {[%clk 1:31:22]} d6 {[%clk 1:29:42]} 6. c3 {[%clk
1:31:24]} O-O {[%clk 1:28:42]} 7. Re1 {[%clk 1:30:33]} Be6 {[%clk 1:23:48]} 8.
Bb5 {[%clk 1:30:34]} a6 {[%clk 1:12:36]} 9. Ba4 {[%clk 1:29:13]} b5 {[%clk
1:12:10]} 10. Bc2 {[%clk 1:29:26]} Bb6 {[%clk 1:01:34]} 11. Nbd2 {[%clk
1:20:08]} Ng4 {[%clk 0:50:28]} 12. Re2 {[%clk 1:12:13]} h6 {[%clk 0:42:35]} 13.
h3 {[%clk 1:06:38]} Nf6 {[%clk 0:43:00]} 14. Nf1 {[%clk 1:01:50]} Ne7 {[%clk
0:37:50]} 15. d4 {[%clk 0:59:23]} Ng6 {[%clk 0:35:34]} 16. Be3 {[%clk 0:51:43]}
Rb8 {[%clk 0:28:44]} 17. Re1 {[%clk 0:47:37]} Re8 {[%clk 0:25:16]} 18. Qe2
{[%clk 0:32:57]} Qc8 {[%clk 0:19:26]} 19. Ng3 {[%clk 0:22:38]} Bd7 {[%clk
0:16:19]} 20. Rac1 {[%clk 0:20:26]} Bc6 {[%clk 0:15:01]} 21. d5 {[%clk
0:19:47]} Bd7 {[%clk 0:15:25]} 22. Bxb6 {[%clk 0:19:22]} Rxb6 {[%clk 0:15:51]}
23. Qd2 {[%clk 0:19:18]} Nf4 {[%clk 0:13:29]} 24. Ne2 {[%clk 0:17:28]} N6h5
{[%clk 0:11:47]} 25. Ng3 Nxg3 {[%clk 0:09:58]} 1/2-1/2

[Event "DVM U14w 2020"]
[Site "Willingen GER"]
[Date "2021.06.24"]
[Round "1"]
[White "Frowein, Katja"]
[Black "Halas, Neele Zoe"]
[Result "1-0"]
[Termination "normal"]
[Board "7.2"]
[WhiteElo "1388"]
[BlackElo "1267"]
[WhiteClock "00:30:07"]
[BlackClock "00:56:19"]
[WhiteTeam "SC Garching 1980 e.V."]
[BlackTeam "Schachgemeinschaft Leipzig"]
[PlyCount "119"]
[WhiteFideId "16282949"]
[BlackFideId "16287282"]
[EventCountry "GER"]
[EventRounds "7"]
[EventType "team-swiss"]
[EventDate "2021.06.23"]

1. e4 {[%clk 1:30:56]} e5 {[%clk 1:30:54]} 2. Nf3 {[%clk 1:31:17]} Nc6 {[%clk
1:31:17]} 3. d4 {[%clk 1:31:41]} exd4 {[%clk 1:31:41]} 4. Nxd4 {[%clk 1:32:04]}
Bc5 {[%clk 1:32:01]} 5. Nxc6 {[%clk 1:32:21]} bxc6 {[%clk 1:32:21]} 6. Nc3
{[%clk 1:32:40]} d6 {[%clk 1:32:23]} 7. Bd3 {[%clk 1:32:43]} Nf6 {[%clk
1:26:47]} 8. h3 {[%clk 1:30:10]} h6 {[%clk 1:26:05]} 9. O-O {[%clk 1:29:58]}
O-O {[%clk 1:25:56]} 10. Qf3 {[%clk 1:28:45]} Nd7 {[%clk 1:25:32]} 11. Bf4
{[%clk 1:22:39]} Qe7 {[%clk 1:24:16]} 12. Rfe1 {[%clk 1:20:49]} Ne5 {[%clk
1:23:33]} 13. Qg3 {[%clk 1:17:41]} Ng6 {[%clk 1:23:11]} 14. Bd2 {[%clk
0:58:13]} Qe5 {[%clk 1:20:25]} 15. Qf3 {[%clk 0:51:59]} Bd7 {[%clk 1:13:13]}
16. Bc4 {[%clk 0:48:52]} Qd4 {[%clk 1:02:52]} 17. Qe2 {[%clk 0:45:47]} Qf6
{[%clk 0:57:35]} 18. Be3 {[%clk 0:43:05]} Bxe3 {[%clk 0:56:13]} 19. Qxe3 {[%clk
0:43:08]} Qf4 {[%clk 0:53:02]} 20. Qxf4 {[%clk 0:39:12]} Nxf4 {[%clk 0:53:20]}
21. Re3 {[%clk 0:39:11]} Ng6 {[%clk 0:52:05]} 22. Rg3 {[%clk 0:37:37]} Rfe8
{[%clk 0:51:22]} 23. Rxg6 {[%clk 0:37:29]} Kf8 {[%clk 0:51:23]} 24. Rg3 {[%clk
0:36:56]} c5 {[%clk 0:51:20]} 25. Re1 {[%clk 0:35:31]} Bc6 {[%clk 0:51:35]} 26.
Nd5 {[%clk 0:34:59]} Bxd5 {[%clk 0:51:24]} 27. Bxd5 {[%clk 0:35:21]} Rab8
{[%clk 0:51:40]} 28. Rf3 {[%clk 0:34:57]} f6 {[%clk 0:52:02]} 29. b3 {[%clk
0:34:23]} Re5 {[%clk 0:52:15]} 30. Rf5 {[%clk 0:34:03]} Re7 {[%clk 0:52:21]}
31. g4 {[%clk 0:33:43]} Rbe8 {[%clk 0:52:38]} 32. Kf1 {[%clk 0:33:11]} Re5
{[%clk 0:52:43]} 33. Rxe5 {[%clk 0:33:14]} Rxe5 {[%clk 0:53:06]} 34. f4 {[%clk
0:33:21]} Re7 {[%clk 0:53:27]} 35. Re2 {[%clk 0:32:51]} Ke8 {[%clk 0:53:16]}
36. h4 {[%clk 0:32:38]} Kd7 {[%clk 0:52:57]} 37. Kf2 {[%clk 0:32:00]} c6 {[%clk
0:53:11]} 38. Bc4 {[%clk 0:32:17]} a5 {[%clk 0:53:23]} 39. Kf3 {[%clk 0:32:14]}
g6 {[%clk 0:53:36]} 40. a3 {[%clk 0:31:50]} Kc7 {[%clk 0:53:18]} 41. c3 {[%clk
0:31:13]} Kd7 {[%clk 0:53:30]} 42. Rb2 {[%clk 0:31:23]} Kc7 {[%clk 0:53:47]}
43. a4 {[%clk 0:31:44]} Kb6 {[%clk 0:53:49]} 44. Rd2 {[%clk 0:30:38]} Kc7
{[%clk 0:54:01]} 45. g5 {[%clk 0:30:23]} hxg5 {[%clk 0:54:05]} 46. hxg5 {[%clk
0:30:30]} fxg5 {[%clk 0:54:26]} 47. fxg5 {[%clk 0:30:54]} Re5 {[%clk 0:54:25]}
48. Kf4 {[%clk 0:30:57]} Re7 {[%clk 0:54:38]} 49. Rh2 {[%clk 0:30:45]} Kb6
{[%clk 0:54:27]} 50. Rh8 {[%clk 0:30:41]} Kb7 {[%clk 0:54:43]} 51. Rd8 {[%clk
0:30:21]} Kc7 {[%clk 0:55:05]} 52. Ra8 {[%clk 0:30:39]} Kb6 {[%clk 0:55:10]}
53. Ra6+ {[%clk 0:30:56]} Kb7 {[%clk 0:55:20]} 54. Rxa5 {[%clk 0:31:12]} Re8
{[%clk 0:55:12]} 55. b4 {[%clk 0:29:41]} cxb4 {[%clk 0:55:31]} 56. cxb4 {[%clk
0:30:00]} Kb6 {[%clk 0:55:42]} 57. Ra6+ {[%clk 0:30:07]} Kb7 {[%clk 0:56:05]}
58. b5 {[%clk 0:30:22]} cxb5 {[%clk 0:56:13]} 59. axb5 {[%clk 0:30:10]} Rd8
{[%clk 0:56:19]} 60. Bd5+ {[%clk 0:30:07]} 1-0

[Event "DVM U14w 2020"]
[Site "Willingen GER"]
[Date "2021.06.24"]
[Round "1"]
[White "Bacakova, Klara"]
[Black "Muhina, Liana"]
[Result "0-1"]
[Termination "normal"]
[Board "7.3"]
[WhiteElo "1173"]
[BlackElo "1273"]
[WhiteClock "01:14:22"]
[BlackClock "00:05:25"]
[WhiteTeam "Schachgemeinschaft Leipzig"]
[BlackTeam "SC Garching 1980 e.V."]
[PlyCount "108"]
[WhiteFideId "34605762"]
[BlackFideId "16266145"]
[EventCountry "GER"]
[EventRounds "7"]
[EventType "team-swiss"]
[EventDate "2021.06.23"]

1. d4 {[%clk 1:30:56]} d5 {[%clk 1:30:49]} 2. c4 {[%clk 1:31:16]} e6 {[%clk
1:31:01]} 3. Nc3 {[%clk 1:31:15]} Nf6 {[%clk 1:29:56]} 4. Nf3 {[%clk 1:31:28]}
Be7 {[%clk 1:29:01]} 5. Bf4 {[%clk 1:31:46]} O-O {[%clk 1:26:31]} 6. e3 {[%clk
1:31:59]} c6 {[%clk 1:20:02]} 7. Bd3 {[%clk 1:32:08]} a6 {[%clk 1:03:22]} 8.
O-O {[%clk 1:32:17]} c5 {[%clk 1:02:35]} 9. cxd5 {[%clk 1:32:27]} cxd4 {[%clk
1:00:07]} 10. exd4 {[%clk 1:32:17]} Nxd5 {[%clk 0:56:16]} 11. Be5 {[%clk
1:32:06]} Nc6 {[%clk 0:53:42]} 12. Bc2 {[%clk 1:32:05]} f6 {[%clk 0:48:05]} 13.
Bg3 {[%clk 1:32:17]} Ndb4 14. Bb3 {[%clk 1:30:32]} Qd7 {[%clk 0:40:06]} 15. a3
{[%clk 1:30:05]} Nd5 {[%clk 0:39:36]} 16. Qd3 {[%clk 1:30:12]} Bd6 {[%clk
0:36:45]} 17. Bc2 {[%clk 1:29:48]} g6 {[%clk 0:35:34]} 18. Nxd5 {[%clk
1:29:53]} exd5 {[%clk 0:34:35]} 19. Qb3 {[%clk 1:29:43]} Bxg3 {[%clk 0:34:18]}
20. fxg3 {[%clk 1:29:54]} Qd6 {[%clk 0:28:26]} 21. Be4 {[%clk 1:29:56]} Be6
{[%clk 0:26:20]} 22. Bd3 {[%clk 1:26:16]} Rab8 {[%clk 0:24:15]} 23. Rac1 {[%clk
1:24:49]} Rfc8 {[%clk 0:20:26]} 24. Rfe1 {[%clk 1:24:11]} Kg7 {[%clk 0:18:54]}
25. Bc2 {[%clk 1:22:23]} Re8 {[%clk 0:17:02]} 26. Rf1 {[%clk 1:20:47]} Bg4
{[%clk 0:16:22]} 27. Qd3 {[%clk 1:19:09]} Bf5 {[%clk 0:15:20]} 28. Qd2 {[%clk
1:18:38]} Be4 {[%clk 0:14:24]} 29. Rce1 {[%clk 1:17:32]} Rbd8 {[%clk 0:13:31]}
30. b4 {[%clk 1:16:55]} Rd7 31. Bxe4 {[%clk 1:16:51]} dxe4 {[%clk 0:13:00]} 32.
Nh4 {[%clk 1:16:35]} Qxd4+ {[%clk 0:12:57]} 33. Qxd4 {[%clk 1:16:09]} Rxd4
{[%clk 0:13:01]} 34. Rd1 {[%clk 1:14:50]} Red8 {[%clk 0:10:24]} 35. Rxd4 {[%clk
1:14:35]} Rxd4 {[%clk 0:10:28]} 36. h3 {[%clk 1:14:00]} Rd3 {[%clk 0:09:43]}
37. g4 {[%clk 1:13:56]} Rxa3 {[%clk 0:09:25]} 38. Re1 {[%clk 1:13:59]} e3
{[%clk 0:09:19]} 39. Nf3 {[%clk 1:13:40]} Nxb4 {[%clk 0:08:13]} 40. Nd4 {[%clk
1:11:31]} Kf7 {[%clk 0:06:04]} 41. Rc1 {[%clk 1:10:56]} Nc6 {[%clk 0:04:12]}
42. Nxc6 {[%clk 1:11:04]} bxc6 {[%clk 0:04:36]} 43. Re1 {[%clk 1:11:22]} a5
{[%clk 0:04:18]} 44. Kf1 {[%clk 1:11:40]} a4 {[%clk 0:04:27]} 45. Ke2 {[%clk
1:11:54]} Ke6 {[%clk 0:04:03]} 46. Kf3 Ke5 {[%clk 0:04:00]} 47. Rxe3+ {[%clk
1:12:17]} Rxe3+ {[%clk 0:04:23]} 48. Kxe3 {[%clk 1:12:35]} a3 {[%clk 0:04:37]}
49. Kd3 {[%clk 1:12:53]} a2 {[%clk 0:04:29]} 50. Ke3 {[%clk 1:13:16]} a1=Q
{[%clk 0:04:45]} 51. Kd3 {[%clk 1:13:31]} Qd4+ {[%clk 0:04:54]} 52. Ke2 {[%clk
1:13:48]} Ke4 {[%clk 0:05:05]} 53. Ke1 {[%clk 1:14:06]} Ke3 {[%clk 0:05:25]}
54. g3 {[%clk 1:14:22]} Qa1# 0-1

[Event "DVM U14w 2020"]
[Site "Willingen GER"]
[Date "2021.06.24"]
[Round "1"]
[White "Muhina, Alina"]
[Black "Amelang, Jamie Alice"]
[Result "1-0"]
[Termination "normal"]
[Board "7.4"]
[WhiteElo "1343"]
[BlackElo "919"]
[WhiteClock "01:29:29"]
[BlackClock "01:25:52"]
[WhiteTeam "SC Garching 1980 e.V."]
[BlackTeam "Schachgemeinschaft Leipzig"]
[PlyCount "39"]
[WhiteFideId "16298322"]
[BlackFideId "34605754"]
[EventCountry "GER"]
[EventRounds "7"]
[EventType "team-swiss"]
[EventDate "2021.06.23"]

1. e4 {[%clk 1:30:57]} e5 {[%clk 1:30:56]} 2. Nf3 {[%clk 1:31:23]} Nc6 {[%clk
1:31:12]} 3. d4 {[%clk 1:31:50]} Nxd4 4. Nxd4 {[%clk 1:32:14]} exd4 {[%clk
1:31:44]} 5. Qxd4 {[%clk 1:32:41]} Nf6 {[%clk 1:31:48]} 6. Bc4 {[%clk 1:32:53]}
Bd6 7. O-O {[%clk 1:33:13]} O-O {[%clk 1:31:58]} 8. e5 Bxe5 {[%clk 1:31:44]} 9.
Qxe5 {[%clk 1:33:34]} Re8 {[%clk 1:31:12]} 10. Qg3 {[%clk 1:29:59]} d6 11. Nc3
{[%clk 1:30:15]} Bf5 {[%clk 1:30:20]} 12. Bd3 {[%clk 1:29:32]} Bd7 {[%clk
1:27:59]} 13. Bg5 {[%clk 1:29:02]} Bc6 14. Rfe1 {[%clk 1:29:25]} Rxe1+ {[%clk
1:27:01]} 15. Rxe1 {[%clk 1:29:02]} Nh5 {[%clk 1:26:03]} 16. Qh4 {[%clk
1:29:03]} f6 17. Qxh5 {[%clk 1:29:03]} g6 {[%clk 1:25:51]} 18. Bxg6 {[%clk
1:29:03]} hxg6 {[%clk 1:26:04]} 19. Qxg6+ {[%clk 1:29:29]} Kf8 {[%clk 1:25:52]}
20. Bh6# 1-0

[Event "DVM U14w 2020"]
[Site "Willingen GER"]
[Date "2021.06.24"]
[Round "1"]
[White "Stepanjan, Marianne"]
[Black "Kanno, Clara Yumi"]
[Result "1-0"]
[Termination "normal"]
[Board "8.1"]
[WhiteElo "1383"]
[BlackElo "1093"]
[WhiteTeam "TuRa Harksheide von 1945 Norderstedt"]
[BlackTeam "Schachfreunde Essen-Werden"]
[PlyCount "95"]
[WhiteFideId "16246110"]
[BlackFideId "16259661"]
[EventCountry "GER"]
[EventRounds "7"]
[EventType "team-swiss"]
[EventDate "2021.06.23"]

{[%evp 0,95,24,24,46,46,75,49,66,35,35,37,78,76,67,59,55,79,84,90,90,86,79,77,
184,174,174,175,175,182,251,289,299,289,282,309,309,306,304,299,350,290,307,
303,415,345,601,624,660,788,1388,592,1092,1117,1550,670,724,744,766,744,760,
555,565,568,672,691,720,725,746,746,746,580,606,630,645,664,1138,1350,1882,
1990,29985,29986,29989,29988,29991,29992,29993,29992,29997,29990,29991,29992,
29993,29994,29995,29996,29999,-30000]} 1. e4 c5 2. Nf3 d6 3. d4 cxd4 4. Nxd4
Nf6 5. Nc3 a6 6. Bc4 Nc6 7. O-O Nxd4 8. Qxd4 e5 9. Qd3 h6 10. Be3 Be7 11. Nd5
b5 12. Nxf6+ Bxf6 13. Bd5 Rb8 14. Ba7 Bb7 15. Bxb8 Bxd5 16. Qxd5 Qxb8 17. Qc6+
Ke7 18. Qxa6 Rc8 19. c3 Rc7 20. Qa3 Ra7 21. Qb3 Qb6 22. a4 Qb7 23. axb5 Rxa1
24. Rxa1 Ke8 25. Qd5 Qb6 26. Ra6 Qc7 27. Qxd6 Qxd6 28. Rxd6 Be7 29. Ra6 Kd7 30.
Rc6 Bd8 31. c4 Ba5 32. Ra6 Bb4 33. Ra7+ Ke6 34. Ra6+ Kd7 35. Rc6 g6 36. c5 h5
37. Kf1 Bd2 38. Rd6+ Kc7 39. Rxd2 Kb7 40. Rd7+ Kc8 41. c6 Kb8 42. b6 Kc8 43.
Ra7 Kb8 44. c7+ Kc8 45. Ra8+ Kb7 46. c8=Q+ Kxb6 47. Rb8+ Ka7 48. Qb7# 1-0

[Event "DVM U14w 2020"]
[Site "Willingen GER"]
[Date "2021.06.24"]
[Round "1"]
[White "Symanski, Linda"]
[Black "Foos, Vanessa"]
[Result "0-1"]
[Termination "normal"]
[Board "8.2"]
[WhiteElo "1012"]
[BlackElo "1380"]
[WhiteTeam "Schachfreunde Essen-Werden"]
[BlackTeam "TuRa Harksheide von 1945 Norderstedt"]
[PlyCount "60"]
[WhiteFideId "16284534"]
[BlackFideId "16245270"]
[EventCountry "GER"]
[EventRounds "7"]
[EventType "team-swiss"]
[EventDate "2021.06.23"]

1. d4 d5 2. c4 e6 3. Nc3 c6 4. Nf3 f5 5. Bf4 Nf6 6. h3 Ne4 7. Qb3 dxc4 8. Qc2
Bb4 9. e3 Qa5 10. Rc1 b5 11. Be2 Nd7 12. O-O Bxc3 13. bxc3 Nb6 14. Ne5 Nd5 15.
Nxc6 Qb6 16. Nb4 Nexc3 17. Nxd5 Nxd5 18. Bf3 Bb7 19. Bh2 Nb4 20. Qe2 Nd3 21.
Rb1 O-O 22. a4 a6 23. Rfd1 Bxf3 24. Qxf3 Rac8 25. Rd2 Qa5 26. Qe2 bxa4 27. Ra2
Nb4 28. Rab2 c3 29. Bd6 cxb2 30. Bxf8 Rc1+ 0-1

[Event "DVM U14w 2020"]
[Site "Willingen GER"]
[Date "2021.06.24"]
[Round "1"]
[White "Petrosyan, Ani"]
[Black "Claussen, Daniela"]
[Result "1-0"]
[Termination "normal"]
[Board "8.3"]
[WhiteElo "1353"]
[BlackElo "992"]
[WhiteTeam "TuRa Harksheide von 1945 Norderstedt"]
[BlackTeam "Schachfreunde Essen-Werden"]
[PlyCount "44"]
[WhiteFideId "16248015"]
[BlackFideId "16248929"]
[EventCountry "GER"]
[EventRounds "7"]
[EventType "team-swiss"]
[EventDate "2021.06.23"]

1. Nf3 e6 2. d4 b6 3. e4 Bb7 4. Bd3 Nf6 5. Nbd2 d5 6. Qe2 Be7 7. e5 Ne4 8. Nxe4
dxe4 9. Bxe4 c6 10. O-O O-O 11. c4 Nd7 12. Bd2 g6 13. b4 c5 14. Bxb7 Rb8 15.
Be4 cxb4 16. Rfc1 Rc8 17. Be3 Rc7 18. Rc2 Qb8 19. Bh6 Rfc8 20. Ng5 f6 21. Nxe6
Rxc4 22. Rxc4 Rxc4 1-0

[Event "DVM U14w 2020"]
[Site "Willingen GER"]
[Date "2021.06.24"]
[Round "1"]
[White "Blume, Louisa"]
[Black "Chen, Michelle"]
[Result "0-1"]
[Termination "normal"]
[Board "8.4"]
[WhiteElo "798"]
[BlackElo "1064"]
[WhiteTeam "Schachfreunde Essen-Werden"]
[BlackTeam "TuRa Harksheide von 1945 Norderstedt"]
[PlyCount "76"]
[WhiteFideId "34605746"]
[BlackFideId "16275403"]
[EventCountry "GER"]
[EventRounds "7"]
[EventType "team-swiss"]
[EventDate "2021.06.23"]

1. d4 d5 2. Nf3 Nf6 3. e3 Nc6 4. Bd3 Ne4 5. Nbd2 Bf5 6. b3 Nc3 7. Bxf5 Nxd1 8.
Kxd1 e6 9. Bd3 Bb4 10. Nf1 Bc3 11. Rb1 Nb4 12. Bb5+ c6 13. Be2 Nxa2 14. Ba3
Bxd4 15. Nxd4 Nc3+ 16. Kc1 Nxe2+ 17. Nxe2 Qa5 18. Kb2 b5 19. Bc5 b4 20. Ra1
Qxc5 21. Nfg3 Ke7 22. Rhd1 a5 23. Ra4 Qd6 24. Nh5 Qe5+ 25. Rd4 c5 26. Nhg3 cxd4
27. exd4 Qc7 28. c3 bxc3+ 29. Nxc3 Rhc8 30. Nge2 Rab8 31. h3 Qb6 32. Ra3 Rc4
33. f3 Rxd4 34. Nxd4 Qxd4 35. Rxa5 Qd2+ 36. Ka1 Qxc3+ 37. Kb1 Rxb3+ 38. Ka2
Qb2# 0-1

[Event "DVM U14w 2020"]
[Site "Willingen GER"]
[Date "2021.06.24"]
[Round "1"]
[White "Hencke, Luna"]
[Black "Jacobasch, Ronja"]
[Result "0-1"]
[Termination "normal"]
[Board "9.1"]
[WhiteElo "1168"]
[BlackElo "1397"]
[WhiteTeam "SchachAkademiePaderborn e. V."]
[BlackTeam "SSV Altenberg"]
[PlyCount "78"]
[WhiteFideId "16261429"]
[BlackFideId "34604340"]
[EventCountry "GER"]
[EventRounds "7"]
[EventType "team-swiss"]
[EventDate "2021.06.23"]

1. d4 Nf6 2. Nf3 g6 3. g3 Bg7 4. Bg2 O-O 5. O-O d5 6. b3 Ne4 7. Ba3 Nc6 8. c3
Re8 9. Bb2 Bf5 10. Nbd2 e5 11. Re1 exd4 12. cxd4 Nb4 13. Ba3 a5 14. Nf1 Nc3 15.
Qd2 Nc2 16. Qxc3 Nxa3 17. Ne3 Rxe3 18. fxe3 Nc2 19. Nh4 Nxe1 20. Qxe1 Bg4 21.
Qf2 c6 22. h3 Bd7 23. Rf1 Qe7 24. Qe1 Qxe3+ 25. Kh2 Bxd4 26. Nf3 Bg7 27. Qd2
Qxd2 28. Nxd2 a4 29. b4 Bc3 30. Nf3 Bxb4 31. Ne5 Be6 32. Bf3 Bd6 33. Nd3 c5 34.
Rd1 Rb8 35. Nf4 Bxf4 36. gxf4 d4 37. a3 b5 38. Rb1 Bd7 39. Bd5 39... b4 {
Zeitueberschreitung} 0-1

[Event "DVM U14w 2020"]
[Site "Willingen GER"]
[Date "2021.06.24"]
[Round "1"]
[White "Glotz, Diana"]
[Black "Gerlach, Lorena"]
[Result "1-0"]
[Termination "normal"]
[Board "9.2"]
[WhiteElo "1110"]
[BlackElo "1040"]
[WhiteTeam "SSV Altenberg"]
[BlackTeam "SchachAkademiePaderborn e. V."]
[PlyCount "113"]
[WhiteFideId "16278500"]
[BlackFideId "34605738"]
[EventCountry "GER"]
[EventRounds "7"]
[EventType "team-swiss"]
[EventDate "2021.06.23"]

1. c4 Nf6 2. Nc3 d5 3. cxd5 Nxd5 4. Nf3 Nxc3 5. bxc3 g6 6. Bb2 Bg7 7. e4 O-O 8.
Bc4 Nc6 9. O-O Ne5 10. Nxe5 Bxe5 11. d4 Bg7 12. Ba3 a6 13. Rb1 Rb8 14. Qd2 Re8
15. e5 Bf5 16. Rb2 b5 17. Be2 Qd7 18. Bf3 Bg4 19. Qf4 Bxf3 20. Qxf3 e6 21. Re1
Qd5 22. Qxd5 exd5 23. Reb1 Bf8 24. Bxf8 Kxf8 25. f4 c6 26. g4 Kg7 27. Kg2 f5
28. h3 h6 29. Re2 g5 30. Kg3 fxg4 31. hxg4 gxf4+ 32. Kxf4 Rf8+ 33. Kg3 Kg6 34.
Rh1 Kg7 35. Reh2 Rh8 36. Rf2 Rbf8 37. Rf5 Rxf5 38. gxf5 a5 39. a3 Rb8 40. f6+
Kg6 41. Rb1 Kf5 42. Kh4 Ke6 43. Kh5 Rh8 44. a4 Rb8 45. Kxh6 Kf7 46. Kg5 b4 47.
cxb4 Rxb4 48. Rh1 Rxd4 49. Rh7+ Kf8 50. e6 c5 51. e7+ Ke8 52. Rh8+ Kd7 53.
e8=Q+ Kd6 54. Qe7+ Kc6 55. Rc8+ Kb6 56. Qc7+ Ka6 57. Ra8# 1-0

[Event "DVM U14w 2020"]
[Site "Willingen GER"]
[Date "2021.06.24"]
[Round "1"]
[White "Henzel, Leonie"]
[Black "Müller, Cosima"]
[Result "1/2-1/2"]
[Termination "normal"]
[Board "9.3"]
[WhiteElo "1020"]
[BlackElo "1505"]
[WhiteTeam "SchachAkademiePaderborn e. V."]
[BlackTeam "SSV Altenberg"]
[PlyCount "88"]
[WhiteFideId "34605720"]
[BlackFideId "34601490"]
[EventCountry "GER"]
[EventRounds "7"]
[EventType "team-swiss"]
[EventDate "2021.06.23"]

1. d4 Nf6 2. Nf3 c5 3. g3 cxd4 4. Nxd4 e5 5. Nb3 d5 6. Bg2 Nc6 7. O-O Be7 8.
Re1 O-O 9. c3 Bf5 10. Bg5 Ne4 11. Bxe7 Nxe7 12. N1d2 Qb6 13. Nxe4 Bxe4 14. Bxe4
dxe4 15. e3 Rad8 16. Qg4 f5 17. Qg5 Rf6 18. Rad1 Nd5 19. c4 Nb4 20. Rxd8+ Qxd8
21. Kg2 Nxa2 22. Nc5 Qc7 23. Nb3 Qxc4 24. Rd1 Qxb3 25. Rd8+ Rf8 26. Rd7 g6 27.
Qh6 Qf7 28. Rxf7 Rxf7 29. Qg5 b5 30. Qd8+ Kg7 31. Qd5 Nb4 32. Qxe5+ Kh6 33. g4
Nd3 34. g5+ Kxg5 35. Qxb5 Rf6 36. Qd7 h5 37. Qxa7 Nxb2 38. Qe7 h4 39. f3 exf3+
40. Kxf3 Nc4 41. Kg2 Nd6 42. Kh3 Ne4 43. Qh7 Nf2+ 44. Kg2 Ng4 1/2-1/2